| 000 | 00597nam a22001937a 4500 | ||
|---|---|---|---|
| 005 | 20251108163346.0 | ||
| 008 | 250721s1986 xx 000 0 ara d | ||
| 082 | 1 | 4 | _a214.2/اشق |
| 100 | 1 | _aالأشقر، عمر سليمان | |
| 245 | 1 | 0 |
_aاليوم الآخر : _bالقيامة الكبرى / |
| 264 | 1 |
_aالكويت : _bالفلاح، _c1986. |
|
| 300 | _aج | ||
| 490 | 0 | _aالعقيدة في ضوء الكتاب والسنة ؛5 | |
| 650 | 1 | 7 | _aأصول الدين الإسلامي |
| 650 | 1 | 7 | _aالنبوة |
| 650 | 1 | 7 | _aاليوم الآخر |
| 942 |
_2ddc _cBK |
||
| 999 |
_c686 _d686 |
||